Women in colonial india : (Record no. 123030)

MARC details
000 -LEADER
fixed length control field 00803nam a22002657a 4500
003 - CONTROL NUMBER IDENTIFIER
control field 0
005 - DATE AND TIME OF LATEST TRANSACTION
control field 20180727130501.0
008 - FIXED-LENGTH DATA ELEMENTS--GENERAL INFORMATION
fixed length control field 0
010 ## - LIBRARY OF CONGRESS CONTROL NUMBER
LC control number A-948932
020 ## - INTERNATIONAL STANDARD BOOK NUMBER
Terms of availability 225.00
International Standard Book Number 0195644638
035 ## - SYSTEM CONTROL NUMBER
System control number A-948932, A-948933
037 ## - SOURCE OF ACQUISITION
Source of stock number/acquisition Cen Lib/Ret
040 ## - CATALOGING SOURCE
Original cataloging agency DPL
Language of cataloging EN
Transcribing agency 0
082 ## - DEWEY DECIMAL CLASSIFICATION NUMBER
Classification number 305.40903
Item number WOM
245 ## - TITLE STATEMENT
Title Women in colonial india :
Statement of responsibility, etc edited by J. Krishanamurty
Remainder of title essays on survival, works and the state /
246 ## - VARYING FORM OF TITLE
Remainder of title
260 ## - PUBLICATION, DISTRIBUTION, ETC. (IMPRINT)
Name of publisher, distributor, etc Oxford University Press
Place of publication, distribution, etc New Delhi
Date of publication, distribution, etc 1989
270 ## - ADDRESS
City New Delhi
Address jaisingh road
Postal code 110001
300 ## - PHYSICAL DESCRIPTION
Extent xii, 247p.
Dimensions 21cm(Hb)
500 ## - GENERAL NOTE
General note Includes index
650 ## - SUBJECT ADDED ENTRY--TOPICAL TERM
Topical term or geographic name as entry element Social-economical
General subdivision Women History
Geographic subdivision India
9 (RLIN) 3742
650 ## - SUBJECT ADDED ENTRY--TOPICAL TERM
Topical term or geographic name as entry element Hindu widow
9 (RLIN) 3743
700 ## - ADDED ENTRY--PERSONAL NAME
Personal name Krishanamurty, J.
9 (RLIN) 3746
942 ## - ADDED ENTRY ELEMENTS (KOHA)
Source of classification or shelving scheme Dewey Decimal Classification
Koha item type English Books
Classification part 305.40903
Call number suffix WOM
Holdings
Withdrawn status Lost status Damaged status Not for loan Home library Current library Date acquired Source of acquisition Cost, normal purchase price Total Checkouts Full call number Barcode Date last seen Copy number Cost, replacement price Price effective from Koha item type Source of classification or shelving scheme Collection code Total Renewals Date checked out
        Central Library Central Library 01/06/2015 Cen Lib/Ret 0.00   305.40903 WOM A-948932 01/06/2015 1 0.00 01/06/2015 English Books        
        Patel Nagar Patel Nagar 27/07/2018 BPPD/PUB 225.00 2 305.40903 WOM A-948933 30/08/2019   225.00 27/07/2018 English Books Dewey Decimal Classification Non-fiction 1 16/08/2019

© Delhi Public Library
Hit Counter
free hit counter